Les surnoms des joueurs de foot célèbres - Statistiques

Statistiques générales
  • Ce quiz a été pris 215 fois
  • Le résultat moyen est 12 sur 24
Statistiques - réponses
Surnom du footballeur Nom du footballeur % Correct
La Pulga Lionel Messi
95%
Zizou Zinedine Zidane
92%
El Bicho Cristiano Ronaldo
88%
Il Fenomeno Ronaldo Nazario
86%
El Pistolero Luis Suárez
80%
San Iker Iker Casillas
76%
King Eric Eric Cantona
72%
O Rei / Le Roi Pelé
70%
Ronnie Ronaldinho
70%
El Pibe de Oro Diego Maradona
63%
Chicharito Javier Hernández
59%
El Niño Fernando Torres
51%
Le Hollandais Volant Johan Cruyff
50%
El Fideo Angel Di Maria
44%
Batigol Gabriel Batistuta
38%
L'ange de Madrid Raúl
25%
Black Spider / L'araignée noire Lev Yachine
17%
Il Capitano Francesco Totti
16%
Maradonna des Carpates Georghe Hagi
16%
La Tulipe Noire Ruud Gullit
16%
Superman Gianluigi Buffon
15%
La Perle Noire Eusébio
12%
(Der) Titan Oliver Kahn
9%
O Baixinho Romário
4%
Aucun quiz correspondant
Distribution des résultats
% des personnes avec chaque résultat
Percentile par nombre de réponses
Votre historique - résultats
Vous n’avez pas pris ce quiz